000 00250nam a2200109Ia 4500
008 200302s9999 xx 000 0 und d
100 _aQian YIN
245 _aNew School
260 _bDesign Media Publishing (UK) Ltd.,
260 _c2010
300 _a287
999 _c7404
_d7404